000 00647nam a2200241Ia 4500
003 OSt
005 20221007081944.0
006 a|||||r|||| 00| 0
007 ta
008 221006b |||||||| |||| 00| 0 eng d
024 _a28,532
037 _cTextual
040 _aFLL
_cFLL
_beng
041 _2eng
_aeng
082 _aZ73:881g, L0
100 _aWright Charles Alan
_9698376
245 0 _aLaw of federal courts
250 _a2nd
260 _aSt. Paul ,
_bMinn. West Publishing Co. St. Minn.
_c1970
300 _axviii,751p
_ccm.
942 _hZ73:881g, L0
_cTEXL
_2CC
999 _c1164849
_d1164849